000
00249nam a22000857a 4500
008
161126b xxu||||| |||| 00| 0 eng d
100
_9
1457
_a
Young Learners
245
_a
Goldi locks and the three Bea
260
_a
New Delhi
_b
Young Learners publication
_c
2011
999
_c
4179
_d
4179